000
00295nam a2200121Ia 4500
008
220216s9999 xx 000 0 und d
100
_a
Timmner Jan
245
0
_a
Scanning electron microscopy(SEM)
260
_b
Natural Rubber
_c
2001
300
_a
9-Jul
700
_a
Baarle Ben van
942
_c
JS
999
_c
68435
_d
68435